| 000 | 00563nam a2200217 a 4500 | ||
|---|---|---|---|
| 001 | 62694 | ||
| 003 | BD-RJUL | ||
| 005 | 20211209081119.0 | ||
| 008 | 720120s1956 nyu 000 0 eng | ||
| 035 | _a(BD-RJUL) 62821 | ||
| 040 |
_aBD-RJUL _cBD-RJUL _beng |
||
| 041 | _aeng | ||
| 082 |
_a135.3 _223 _bHUH 1956 |
||
| 100 | 1 |
_aHuxley, Aldous _9186360 |
|
| 245 | 1 | 0 |
_aHeaven and hell / _c Aldous Huxley |
| 260 |
_aLondon : _bChatto & Windus, _c1956 |
||
| 300 |
_a87p. ; _c20 cm. |
||
| 650 | 0 |
_aVisions. _9186361 |
|
| 650 | 0 |
_aPerception. _9189604 |
|
| 942 |
_2ddc _cBK |
||
| 999 |
_c62694 _d62694 |
||